[Event "GER-chT School WK 3"]
[Site "Playchess.com INT"]
[Date "2020.06.15"]
[Round "4.1"]
[White "Rockmann, Enno"]
[Black "Lang Pacheco, Noah"]
[Result "1-0"]
[WhiteElo "1575"]
[BlackElo "1620"]
[PlyCount "123"]
[EventDate "2020.06.15"]
[EventType "team-swiss (blitz)"]
[EventRounds "5"]
[EventCountry "GER"]
[SourceTitle "EXT 2021"]
[Source "ChessBase"]
[SourceDate "2020.10.23"]
[SourceVersion "1"]
[SourceVersionDate "2020.10.23"]
[SourceQuality "1"]
[WhiteTeam "Fegesack Gymn"]
[BlackTeam "St Blasien Kolleg"]
[WhiteTeamCountry "GER"]
[BlackTeamCountry "GER"]

1. e4 e6 2. d4 d5 3. exd5 exd5 4. Bd3 Nc6 5. c3 Nf6 6. Bf4 Bd6 7. Ne2 0-0 8. 0-0 Bg4 9. f3 Bxf4 10. Nxf4 Bd7 11. Nd2 Ne7 12. Qb3 b6 13. Rfe1 c6 14. Nf1 Re8 15. Re3 Qc7 16. Nh3 Nf5 17. Bxf5 Bxf5 18. Rae1 Rxe3 19. Rxe3 Bxh3 20. gxh3 Qf4 21. Qa4 Qg5+ 22. Kh1 c5 23. dxc5 bxc5 24. Qc6 Rf8 25. Qxc5 a6 26. Qd4 Re8 27. Rxe8+ Nxe8 28. Qe3 Qxe3 29. Nxe3 Nf6 30. Kg2 Kf8 31. Kg3 Ke7 32. Kf4 Ke6 33. Nf5 g6 34. Nd4+ Kd6 35. b4 Nh5+ 36. Kg5 Ke5 37. Nc6+ Ke6 38. Nb8 f6+ 39. Kg4 h6 40. Nxa6 f5+ 41. Kh4 Nf4 42. Kg3 Ne2+ 43. Kf2 Nxc3 44. Nc5+ Kd6 45. a4 d4 46. a5 Nb5 47. f4 Kd5 48. Kf3 Kc4 49. Na6 Kc3 50. Ke2 Kc2 51. Nc5 Nc3+ 52. Kf2 h5 53. a6 Nb5 54. Ke2 Kc3 55. Nd3 h4 56. Ne5 Kxb4 57. Nxg6 Kc3 58. Nxh4 d3+ 59. Kd1 Nd4 60. a7 d2 61. a8Q Kd3 62. Qa3+ 1-0

[Event "GER-chT School WK 3"]
[Site "Playchess.com INT"]
[Date "2020.06.15"]
[Round "2.1"]
[White "Rockmann, Enno"]
[Black "Ohler, Julius"]
[Result "0-1"]
[WhiteElo "1575"]
[BlackElo "1845"]
[PlyCount "86"]
[EventDate "2020.06.15"]
[EventType "team-swiss (blitz)"]
[EventRounds "5"]
[EventCountry "GER"]
[SourceTitle "EXT 2021"]
[Source "ChessBase"]
[SourceDate "2020.10.23"]
[SourceVersion "1"]
[SourceVersionDate "2020.10.23"]
[SourceQuality "1"]
[WhiteTeam "Fegesack Gymn"]
[BlackTeam "Trier MGP"]
[WhiteTeamCountry "GER"]
[BlackTeamCountry "GER"]

1. e4 c6 2. Nf3 d5 3. exd5 cxd5 4. d4 Nc6 5. Bd3 Bg4 6. c3 e6 7. h3 Bh5 8. Bf4 Bd6 9. Qd2 Nge7 10. Qe3 Qc7 11. Bxd6 Qxd6 12. Nbd2 0-0 13. 0-0 a6 14. Ne5 Bg6 15. Nxg6 hxg6 16. Nf3 Rac8 17. Rfc1 Nf5 18. Bxf5 gxf5 19. Ne5 Nxe5 20. dxe5 Qc5 21. Qxc5 Rxc5 22. Rd1 Rfc8 23. f4 Rc4 24. Rd4 Rxd4 25. cxd4 Rc2 26. Rb1 Kf8 27. Kh2 Ke7 28. Kg3 Kd7 29. a3 Rd2 30. Rc1 Rxd4 31. Kf3 Rd2 32. Rb1 b5 33. b3 a5 34. a4 b4 35. g3 Rd3+ 36. Kf2 Rc3 37. Rb2 Kc6 38. Kg2 d4 39. g4 fxg4 40. hxg4 Kd5 41. g5 d3 42. Kf3 Kd4 43. Kf2 Rc2+ 0-1

[Event "GER-ch U14"]
[Site "Willingen"]
[Date "2019.06.12"]
[Round "6"]
[White "Rockmann, Enno"]
[Black "Bress, Aaron"]
[Result "0-1"]
[WhiteElo "1527"]
[BlackElo "1849"]
[PlyCount "132"]
[EventDate "2019.06.08"]
[EventType "swiss"]
[EventRounds "9"]
[EventCountry "GER"]
[SourceTitle "CBM 191 Extra"]
[Source "ChessBase"]
[SourceDate "2019.09.30"]
[SourceVersion "1"]
[SourceVersionDate "2019.09.30"]
[SourceQuality "1"]

1. e4 c6 2. d4 d5 3. exd5 cxd5 4. c4 Nf6 5. Nc3 Nc6 6. cxd5 Nxd5 7. Bc4 Nb6 8. Bb5 a6 9. Bxc6+ bxc6 10. Nf3 Bg4 11. 0-0 e6 12. Qd3 Bf5 13. Qe2 Be7 14. Ne5 Qc7 15. Bf4 Bd6 16. Qf3 0-0 17. Ne2 Nd5 18. Rac1 Nxf4 19. Nxf4 Bxe5 20. dxe5 Qxe5 21. b3 Rac8 22. Rfe1 Qa5 23. Re2 Rfd8 24. g4 Bg6 25. Rxc6 Rxc6 26. Qxc6 Qg5 27. Rd2 a5 28. Qb5 Qxg4+ 29. Kf1 Rc8 30. Qc5 e5 31. Qc7 h6 32. Rd8+ Rxd8 33. Qxd8+ Kh7 34. Nxg6 Qxg6 35. Qxa5 Qd3+ 36. Kg2 Qe4+ 37. Kf1 Qh1+ 38. Ke2 Qxh2 39. Qd5 Qf4 40. Qd3+ e4 41. Qe3 Qg4+ 42. Kf1 h5 43. Qg3 Qf5 44. a4 g5 45. b4 h4 46. Qg2 Qd5 47. Qg4 Kh6 48. Qe2 f5 49. a5 Qd4 50. a6 f4 51. Qa2 Qd1+ 52. Kg2 Qd8 53. Qe6+ Kh5 54. Qxe4 Qd7 55. f3 Qd2+ 56. Kh3 Qd7+ 57. Kg2 Qd2+ 58. Kf1 Qd1+ 59. Kf2 Qd2+ 60. Qe2 Qd4+ 61. Kg2 Qxb4 62. Qe8+ Kh6 63. a7 Qb2+ 64. Kh3 g4+ 65. fxg4 Qa3+ 66. Kxh4 Qg3# 0-1

[Event "GER-ch U14"]
[Site "Willingen"]
[Date "2019.06.11"]
[Round "4"]
[White "Deutsch, Christoph"]
[Black "Rockmann, Enno"]
[Result "1-0"]
[WhiteElo "1937"]
[BlackElo "1527"]
[PlyCount "81"]
[EventDate "2019.06.08"]
[EventType "swiss"]
[EventRounds "9"]
[EventCountry "GER"]
[SourceTitle "CBM 191 Extra"]
[Source "ChessBase"]
[SourceDate "2019.09.30"]
[SourceVersion "1"]
[SourceVersionDate "2019.09.30"]
[SourceQuality "1"]

1. e4 e6 2. d4 d5 3. exd5 exd5 4. c4 c6 5. Nc3 Nf6 6. Bd3 Bd6 7. Nge2 Be6 8. c5 Bc7 9. b4 0-0 10. Bg5 Nbd7 11. 0-0 Qe8 12. f3 h6 13. Bh4 Nh5 14. Qd2 g5 15. Bg3 Nxg3 16. Nxg3 f5 17. Rae1 Qf7 18. Nh1 Rae8 19. Nf2 Nf6 20. Bc2 Qh5 21. Nh3 g4 22. Nf4 Qg5 23. fxg4 Bd7 24. Rxe8 Rxe8 25. Bxf5 Bxf5 26. gxf5 Nh5 27. Nce2 Rxe2 28. Qxe2 Nxf4 29. Qe8+ Kg7 30. g3 Nh5 31. Qd7+ Kf6 32. Qxc7 Qe3+ 33. Kg2 Qe2+ 34. Rf2 Qe4+ 35. Kh3 Kg5 36. Qd8+ Nf6 37. Rf4 Qe2 38. Qf8 Qh5+ 39. Rh4 Qxh4+ 40. gxh4+ Kh5 41. Qf7# 1-0

[Event "GER-ch U14"]
[Site "Willingen"]
[Date "2019.06.10"]
[Round "3"]
[White "Rockmann, Enno"]
[Black "Wang, Xinyuan1111"]
[Result "1-0"]
[WhiteElo "1527"]
[BlackElo "1709"]
[PlyCount "59"]
[EventDate "2019.06.08"]
[EventType "swiss"]
[EventRounds "9"]
[EventCountry "GER"]
[SourceTitle "CBM 191 Extra"]
[Source "ChessBase"]
[SourceDate "2019.09.30"]
[SourceVersion "1"]
[SourceVersionDate "2019.09.30"]
[SourceQuality "1"]

1. e4 c5 2. Nf3 e6 3. c3 d5 4. exd5 exd5 5. d4 Nc6 6. Bd3 cxd4 7. cxd4 Nf6 8. Bf4 Bd6 9. Ne5 Nxd4 10. Qa4+ Nc6 11. Nxc6 bxc6 12. Qxc6+ Ke7 13. Bxd6+ Qxd6 14. Qxa8 Qe5+ 15. Be2 Qxb2 16. Qxa7+ Ke8 17. Qa4+ Nd7 18. Qc6 Qxa1 19. Qxc8+ Ke7 20. Qc2 Rb8 21. 0-0 Rb2 22. Qd3 Qxa2 23. Rc1 Ne5 24. Qa6 Rxe2 25. Qb7+ Nd7 26. Nc3 Qb2 27. Nxd5+ Kd6 28. Qc6+ Ke5 29. f4+ Kd4 30. Qc4# 1-0

[Event "GER-ch U14"]
[Site "Willingen"]
[Date "2019.06.09"]
[Round "2"]
[White "Schulemann, Gero"]
[Black "Rockmann, Enno"]
[Result "1-0"]
[WhiteElo "1862"]
[BlackElo "1527"]
[PlyCount "67"]
[EventDate "2019.06.08"]
[EventType "swiss"]
[EventRounds "9"]
[EventCountry "GER"]
[SourceTitle "CBM 191 Extra"]
[Source "ChessBase"]
[SourceDate "2019.09.30"]
[SourceVersion "1"]
[SourceVersionDate "2019.09.30"]
[SourceQuality "1"]

1. e4 e6 2. d4 d5 3. Nd2 c5 4. c3 Nc6 5. Ngf3 Qb6 6. exd5 exd5 7. Nb3 c4 8. Nbd2 Nf6 9. Be2 Bd6 10. 0-0 0-0 11. Re1 Qc7 12. Nf1 Ne4 13. Bxc4 Nxf2 14. Kxf2 dxc4 15. Kg1 Bg4 16. Be3 Rfe8 17. h3 Bh5 18. Bf2 Rxe1 19. Bxe1 Re8 20. Bf2 Qe7 21. Ne3 Bf4 22. Nxc4 b5 23. Na3 Be3 24. Qe2 b4 25. Nc4 Bxf2+ 26. Qxf2 Bxf3 27. Qxf3 Qd7 28. d5 bxc3 29. bxc3 Ne5 30. Nxe5 Rxe5 31. Rb1 h6 32. c4 Qc7 33. Qd3 Qa5 34. Rb8+ 1-0

[Event "Niedersachsen-ch op-C"]
[Site "Verden"]
[Date "2016.01.05"]
[Round "5"]
[White "Rockmann, Enno"]
[Black "Azizov, Fariz"]
[Result "0-1"]
[WhiteElo "1371"]
[BlackElo "1211"]
[PlyCount "34"]
[EventDate "2016.01.03"]
[EventType "swiss"]
[EventRounds "7"]
[EventCountry "GER"]
[SourceTitle "EXT 2018"]
[Source "ChessBase"]
[SourceDate "2017.10.13"]
[SourceVersion "1"]
[SourceVersionDate "2017.10.13"]
[SourceQuality "1"]

1. e4 e5 2. Nf3 Nc6 3. Bc4 Nf6 4. d3 Bc5 5. c3 0-0 6. Bg5 d6 7. a4 a5 8. d4 exd4 9. cxd4 Bb6 10. 0-0 Bg4 11. Nbd2 Bxd4 12. Bxf6 Qxf6 13. Rb1 Ne5 14. Qb3 Nxf3+ 15. Nxf3 Bxf3 16. gxf3 Qf4 17. Rbd1 Be5 0-1

[Event "GER-ch U10"]
[Site "Willingen"]
[Date "2015.05.29"]
[Round "10"]
[White "Bress, Amy Charlize"]
[Black "Rockmann, Enno"]
[Result "0-1"]
[WhiteElo "941"]
[BlackElo "1269"]
[PlyCount "90"]
[EventDate "2015.05.24"]
[EventType "swiss"]
[EventRounds "11"]
[EventCountry "GER"]
[SourceTitle "CBM 166 Extra"]
[Source "ChessBase"]
[SourceDate "2015.06.18"]
[SourceVersion "1"]
[SourceVersionDate "2015.06.18"]
[SourceQuality "1"]

1. e4 e5 2. Nf3 Nc6 3. Bc4 Bc5 4. d3 Nf6 5. Nc3 h6 6. h3 d6 7. Be3 Bb6 8. 0-0 Ne7 9. b4 c6 10. a4 Ng6 11. a5 Bc7 12. d4 0-0 13. dxe5 dxe5 14. Qd3 Nh5 15. Rfd1 Qf6 16. a6 b6 17. Qe2 Bd6 18. b5 Bb4 19. Rd3 Nhf4 20. Bxf4 Nxf4 21. Qe3 Nxd3 22. Qxd3 cxb5 23. Bxb5 Be6 24. Ra4 Rfd8 25. Qe3 Bc5 26. Qe2 Rac8 27. Nb1 Bd4 28. Ra3 Qg6 29. h4 f5 30. exf5 Bxf5 31. Ra2 Rxc2 32. Rxc2 Bxc2 33. Na3 Be4 34. Nc4 Bd3 35. Qe1 Bxc4 36. Bxc4+ Kh8 37. Nxe5 Bxe5 38. Qxe5 Qf6 39. Qxf6 gxf6 40. Be2 Kg7 41. h5 Kf7 42. Bc4+ Ke7 43. Kh2 Rb8 44. Kg3 b5 45. Bd3 b4 0-1

[Event "GER-ch U10"]
[Site "Willingen"]
[Date "2015.05.29"]
[Round "9"]
[White "Rockmann, Enno"]
[Black "Schmidt, Pauline"]
[Result "0-1"]
[WhiteElo "1269"]
[BlackElo "1184"]
[PlyCount "58"]
[EventDate "2015.05.24"]
[EventType "swiss"]
[EventRounds "11"]
[EventCountry "GER"]
[SourceTitle "CBM 166 Extra"]
[Source "ChessBase"]
[SourceDate "2015.06.18"]
[SourceVersion "1"]
[SourceVersionDate "2015.06.18"]
[SourceQuality "1"]

1. e4 e5 2. Nf3 Nc6 3. Bc4 Bc5 4. 0-0 Nf6 5. d3 h6 6. c3 Bb6 7. h3 d6 8. Re1 Be6 9. Qb3 Qd7 10. d4 exd4 11. cxd4 Nxd4 12. Nxd4 Bxd4 13. Bxe6 fxe6 14. Qxb7 0-0 15. Qb4 Bc5 16. Qb3 Rab8 17. Qg3 Nh5 18. Qg4 Bxf2+ 19. Kh1 Bxe1 20. Qxh5 Rf1+ 21. Kh2 Bg3+ 22. Kxg3 Rxc1 23. Qe2 Qb5 24. Qxb5 Rxb5 25. Nc3 Rxa1 26. Nxb5 Rxa2 27. Nxc7 Rxb2 28. Nxe6 a5 29. Nd4 a4 0-1

[Event "GER-ch U10"]
[Site "Willingen"]
[Date "2015.05.27"]
[Round "6"]
[White "Rockmann, Enno"]
[Black "Ziegenfuss, Antonia"]
[Result "1-0"]
[WhiteElo "1269"]
[BlackElo "1452"]
[PlyCount "101"]
[EventDate "2015.05.24"]
[EventType "swiss"]
[EventRounds "11"]
[EventCountry "GER"]
[SourceTitle "CBM 166 Extra"]
[Source "ChessBase"]
[SourceDate "2015.06.18"]
[SourceVersion "1"]
[SourceVersionDate "2015.06.18"]
[SourceQuality "1"]

1. e4 e5 2. Nf3 Nc6 3. Bc4 Nf6 4. d3 Be7 5. 0-0 d6 6. h3 Na5 7. Bb5+ c6 8. Ba4 b5 9. Bb3 Nxb3 10. axb3 c5 11. Re1 0-0 12. c4 b4 13. Be3 h6 14. Nbd2 Nh7 15. Nf1 f5 16. exf5 Bxf5 17. Ng3 Qe8 18. Bxc5 dxc5 19. Rxe5 Qd7 20. Rd5 Qc8 21. Qe2 Bd8 22. Qe5 Bc7 23. Nxf5 Bxe5 24. Ne7+ Kh8 25. Nxc8 Bxb2 26. Ra2 Raxc8 27. Rxb2 Nf6 28. Re5 Rfe8 29. Nh4 Kh7 30. Rbe2 Rcd8 31. R5e3 Rxe3 32. Rxe3 Rd7 33. Nf3 a6 34. g4 g5 35. Kg2 Kg7 36. Kg3 Ra7 37. Re5 Rc7 38. Re6 Ra7 39. Rc6 Rd7 40. Ne5 Re7 41. f4 gxf4+ 42. Kxf4 Nd7 43. Nxd7 Rxd7 44. Ke3 Re7+ 45. Kd2 Re5 46. Rxa6 h5 47. gxh5 Rxh5 48. Ra5 Kg6 49. d4 cxd4 50. Rxh5 Kxh5 51. c5 1-0

[Event "GER-ch U10"]
[Site "Willingen"]
[Date "2015.05.25"]
[Round "4"]
[White "Stockmann, Till"]
[Black "Rockmann, Enno"]
[Result "1-0"]
[WhiteElo "1442"]
[BlackElo "1269"]
[PlyCount "91"]
[EventDate "2015.05.24"]
[EventType "swiss"]
[EventRounds "11"]
[EventCountry "GER"]
[SourceTitle "CBM 166 Extra"]
[Source "ChessBase"]
[SourceDate "2015.06.18"]
[SourceVersion "1"]
[SourceVersionDate "2015.06.18"]
[SourceQuality "1"]

1. e4 e5 2. Nf3 Nc6 3. Bc4 Bc5 4. d3 Nge7 5. 0-0 d6 6. c3 Bb6 7. Nbd2 0-0 8. Bb3 Kh8 9. Nc4 f5 10. Nxb6 axb6 11. Re1 fxe4 12. Rxe4 d5 13. Re1 Ng6 14. Bg5 Qd6 15. h3 h6 16. Bd2 d4 17. Qe2 Qf6 18. Rf1 Bxh3 19. Nxd4 Bxg2 20. Kxg2 exd4 21. Rh1 dxc3 22. Bxc3 Qxc3 23. bxc3 Nf4+ 24. Kf1 Nxe2 25. Kxe2 Rae8+ 26. Kf1 Ne5 27. Rd1 Ng4 28. Rd2 Ne3+ 29. Kg1 Ng4 30. Kg2 g6 31. Bd1 Ne5 32. Rxh6+ Kg7 33. Rh3 g5 34. Rg3 Kf6 35. Bb3 g4 36. Rd1 Kg5 37. Bd5 c5 38. Be4 Nc4 39. Kg1 Nd6 40. f3 Nxe4 41. Rxg4+ Kh5 42. Rxe4 Ra8 43. Kg2 Rxa2+ 44. Kg3 Rc2 45. Rg4 Rxc3 46. Rh1# 1-0

[Event "GER-chT U10"]
[Site "Magdeburg"]
[Date "2014.12.27"]
[Round "2.2"]
[White "Rockmann, Enno"]
[Black "Haufe, Laurin"]
[Result "0-1"]
[WhiteElo "1031"]
[BlackElo "1413"]
[PlyCount "82"]
[EventDate "2014.12.27"]
[EventType "team-swiss"]
[EventRounds "7"]
[EventCountry "GER"]
[SourceTitle "EXT 2016"]
[Source "ChessBase"]
[SourceDate "2015.10.08"]
[SourceVersion "1"]
[SourceVersionDate "2015.10.08"]
[SourceQuality "1"]
[WhiteTeam "Bremen Nord"]
[BlackTeam "Leipzig Gruen Weiss"]
[WhiteTeamCountry "GER"]
[BlackTeamCountry "GER"]

1. e4 c5 2. Nf3 d6 3. d4 cxd4 4. Nxd4 Nf6 5. Nc3 a6 6. Bc4 e5 7. Nf3 Be7 8. 0-0 0-0 9. Re1 Nc6 10. Be3 b5 11. Bd5 Nxd5 12. exd5 Na7 13. Ne4 Bg4 14. h3 Bh5 15. Ng3 Bg6 16. Qe2 Nc8 17. Rad1 f5 18. Bd2 f4 19. Ne4 Qc7 20. Bc3 Rb8 21. Qd2 Nb6 22. Ba5 Qd7 23. Bxb6 Rxb6 24. Qe2 Rc8 25. c3 Qc7 26. Neg5 Bf5 27. Nd4 Bxg5 28. Nxf5 g6 29. h4 gxf5 30. hxg5 Qf7 31. Rd2 Qg6 32. Qd3 Qxg5 33. Qc2 f3 34. g3 Qh5 35. Qd3 e4 36. Rxe4 fxe4 37. Qxe4 Re8 38. Qd4 Qh3 39. Qg4+ Qxg4 40. Rd3 Qh3 41. Rxf3 Re1# 0-1